000 00246 a2200109 4500
001 64694
082 _a512.5 LIP
090 _c38277
_d38277
100 _aLipschutz
245 _aTheory and problems of Linear algebra
260 _cSchaum's outline service
942 _k512.5 LIP
999 _c299767
_d299767